| 000 | 00692nam a2200217Ia 4500 | ||
|---|---|---|---|
| 001 | 10676 | ||
| 003 | GE_BSU | ||
| 008 | 181216s||||||||xx |||||||||||||| ||und|| | ||
| 040 | _cGE_BSU | ||
| 080 | _a821.353.1-1 | ||
| 100 | _aფაშალიშვილი,სიკო | ||
| 245 | _aერთტომეული. | ||
| 245 | _cრედ.გიორგი ლეონიძე;მხატვ:ვ.გიორგობიანი. | ||
| 260 | _aთბილისი. | ||
| 260 | _bსაბჭ.საქართველო. | ||
| 260 | _c1959. | ||
| 300 | _a308გვ;21სმ. | ||
| 300 | _e1ფ.პორტრ. | ||
| 653 | _aერთტომეული. | ||
| 942 | _cBK | ||
| 999 |
_c43927 _d43927 |
||